000 00339nam a22001217a 4500
999 _c9546
_d9546
003 OSt
008 201209b ||||| |||| 00| 0 eng d
245 _aProceedings Mathematical Sciences
250 _a2016(Feb Vol.126 No.1, May Vol.126 No.2, Nov Vol.126 No.4)
260 _aBengaluru
_bSpringer
650 _aApplied Science
942 _2ddc
_cBV